Reading for power and flexibility

Bibliographic Details
Main Authors: Sparks, J. E. (Author), Johnson, Carl E. (Author)
Format: Book
Language:English
Published: Beverly Hills, California : Glencoe Press 1970
Subjects:

MARC

LEADER 00000cam a2200000 7i4500
001 0000001711
005 20240924.0
008 991126 cau a eng
040 |a INS   |b eng   |e rda 
090 0 0 |a LB1050   |b .S63 1970 
100 1 |a Sparks, J. E. ,   |e author 
245 1 0 |a Reading for power and flexibility   |c J. E. Sparks, Carl E. Johnson 
264 1 |a Beverly Hills, California :   |b Glencoe Press   |c 1970 
264 4 |c ©1970 
300 |a x, 421 pages :   |b illustrations ;   |c 24 cm. 
336 |a text  |2 rdacontent 
337 |a unmediated  |2 rdamedia 
338 |a volume  |2 rdacarrier 
650 0 |a Reading comprehension 
700 1 |a Johnson, Carl E. ,   |e author 
999 |a 0000003755   |b BOOK   |c Open Shelf   |e Default branch